Piano attuativo AIDS /

שמור ב:
מידע ביבליוגרפי
מחבר תאגידי: Bologna. Assessorato alla sanità (Author)
פורמט: ספר
שפה:איטלקית
יצא לאור: [S.l. : s.n.], [1989?]
תגים: הוספת תג
אין תגיות, היה/י הראשונ/ה לתייג את הרשומה!

MARC

LEADER 00000nam a22000007i 4500
001 IT\ICCU\UBO\3567307
003 ItRI
005 20260115232443.0
008 090204s1989 it |||||| ||||| |||||c
040 |b ita  |c importazione bologna sebina 
041 7 |a ita  |2 ISO-639-2 
110 2 |a Bologna.  |b Assessorato alla sanità  |0 IT\ICCU\CFIV\045513  |4 aut 
245 0 0 |a Piano attuativo AIDS /  |c Comune di Bologna, Assessorato alla sanita. 
260 |a  [S.l. :  |b s.n.],  |c [1989?] 
300 |a 177 p. ;  |c 30 cm. 
942 |2 ddc  |c BK  |n 0 
952 |0 0  |1 0  |4 0  |6 A_353_609000000000000_COM  |7 0  |9 26028  |a BO  |b BO  |d 2026-01-15  |i 2385  |l 0  |o A 353.609 COM  |p BO2385  |r 2026-01-15 23:24:43  |w 2026-01-15  |x [Sebina 7] [1 v. (2. copia)]  |y BK  |z 1 v. (2. copia) 
952 |0 0  |1 0  |4 0  |6 A_353_609000000000000_COM  |7 0  |9 26029  |a BO  |b BO  |d 2026-01-15  |i 2092  |l 0  |o A 353.609 COM  |p BO2092  |r 2026-01-15 23:24:43  |w 2026-01-15  |x [Sebina 7] [1 v.]  |y BK  |z 1 v. 
999 |c 22043  |d 22043